[Event "Schaffhausen op"]
[Site "Schaffhausen"]
[Date "2024.01.12"]
[Round "1"]
[White "Cardoso Rodrigues, Michael"]
[Black "Chennaoui, Yasin"]
[Result "0-1"]
[WhiteElo "1645"]
[BlackElo "2132"]
[PlyCount "110"]
[EventDate "2024.01.12"]
[EventType "swiss"]
[EventRounds "5"]
[EventCountry "SUI"]
[SourceTitle "CB04_2024"]
[SourceDate "2023.10.16"]
[SourceVersion "1"]
[SourceVersionDate "2023.10.16"]
[SourceQuality "1"]

1. e4 c5 2. d4 cxd4 3. c3 d3 4. Bxd3 Nc6 5. Nf3 d6 6. h3 Nf6 7. 0-0 g6 8. c4 Bg7 9. Nc3 0-0 10. Be3 Bd7 11. Rc1 Rc8 12. a3 Na5 13. Nd2 Be6 14. Nb5 a6 15. Nd4 Bd7 16. b4 Nc6 17. N2f3 e6 18. Qd2 Qe7 19. Bh6 Rfd8 20. Bxg7 Kxg7 21. Rfe1 Be8 22. Qb2 Ne5 23. Bf1 Nxf3+ 24. Nxf3 e5 25. Nd2 Nh5 26. g3 f5 27. exf5 gxf5 28. Bg2 Nf6 29. Nf3 Bg6 30. c5 e4 31. cxd6 Qxd6 32. Rxc8 Rxc8 33. Nh4 Rc4 34. Rc1 Rd4 35. Qc2 Qe5 36. Qc7+ Nd7 37. Qxe5+ Nxe5 38. Rc7+ Rd7 39. Rxd7+ Nxd7 40. Bf1 Kf6 41. Nxg6 hxg6 42. Be2 Ke5 43. Kf1 Kd4 44. a4 Kc3 45. b5 a5 46. Ke1 Nc5 47. Bd1 Nd3+ 48. Ke2 Nb2 49. h4 b6 50. Ke1 Nxd1 51. Kxd1 Kb4 52. Ke2 Kxa4 53. f3 exf3+ 54. Kxf3 Kxb5 55. g4 fxg4+ 0-1

[Event "Mendrisio op"]
[Site "Mendrisio"]
[Date "2023.09.10"]
[Round "5"]
[White "Chennaoui, Yasin"]
[Black "Patuzzo, Fabrizio"]
[Result "1/2-1/2"]
[WhiteElo "2093"]
[BlackElo "2303"]
[PlyCount "56"]
[EventDate "2023.09.08"]
[EventType "swiss"]
[EventRounds "5"]
[EventCountry "SUI"]
[SourceTitle "EXT 2024"]
[Source "ChessBase"]
[SourceDate "2023.10.10"]
[SourceVersion "1"]
[SourceVersionDate "2023.10.10"]
[SourceQuality "1"]

1. c4 c6 2. Nc3 d5 3. cxd5 cxd5 4. d4 Nc6 5. Nf3 Nf6 6. Bf4 Nh5 7. Bg3 Nxg3 8. hxg3 g6 9. e3 Bg7 10. Bd3 0-0 11. 0-0 b6 12. Qb3 e6 13. Rfc1 Bb7 14. a3 Qe7 15. Rc2 Rfc8 16. Rac1 Na5 17. Qa2 Nc4 18. e4 dxe4 19. Bxe4 Nd6 20. Bxb7 Qxb7 21. Qb3 Rd8 22. Ne2 Rac8 23. Rxc8 Rxc8 24. Rxc8+ Qxc8 25. d5 e5 26. Qb4 Bf8 27. Nxe5 Qe8 28. Qf4 Nf5 1/2-1/2

[Event "Basel Easter op"]
[Site "Basel"]
[Date "2023.04.06"]
[Round "1"]
[White "Chennaoui, Yasin"]
[Black "Huber, Benedikt"]
[Result "1-0"]
[WhiteElo "2113"]
[BlackElo "2316"]
[PlyCount "41"]
[EventDate "2023.04.06"]
[EventType "swiss"]
[EventRounds "9"]
[EventCountry "SUI"]
[SourceTitle "CBM 213 Extra"]
[Source "ChessBase"]
[SourceDate "2023.05.31"]
[SourceVersion "1"]
[SourceVersionDate "2023.05.31"]
[SourceQuality "1"]

1. Nf3 d5 2. g3 Nf6 3. Bg2 c5 4. 0-0 Nc6 5. d3 e6 6. Nbd2 Be7 7. e4 0-0 8. Re1 Qc7 9. c3 dxe4 10. dxe4 b6 11. Qe2 a5 12. a4 Ba6 13. Nc4 Rfd8 14. Bf4 Qb7 15. Bf1 Rd7 16. Qc2 Rad8 17. Nfe5 Nxe5 18. Nxe5 Rd6 19. Bxa6 Qxa6 20. Nxf7 Kxf7 21. Bxd6 1-0

[Event "Bassano del Grappa Spring op"]
[Site "Bassano del Grappa"]
[Date "2023.03.16"]
[Round "2"]
[White "Basso, Pier Luigi"]
[Black "Chennaoui, Yasin"]
[Result "1-0"]
[WhiteElo "2522"]
[BlackElo "2117"]
[PlyCount "123"]
[EventDate "2023.03.15"]
[EventType "swiss"]
[EventRounds "9"]
[EventCountry "ITA"]
[SourceTitle "EXT 2024"]
[Source "ChessBase"]
[SourceDate "2023.10.10"]
[SourceVersion "1"]
[SourceVersionDate "2023.10.10"]
[SourceQuality "1"]

1. e4 e5 2. Nf3 Nf6 3. d4 Nxe4 4. Bd3 d5 5. Nxe5 Be7 6. 0-0 Nd7 7. Nxd7 Bxd7 8. Nc3 Nxc3 9. bxc3 c6 10. Qh5 g6 11. Qh6 Be6 12. Rb1 Qd7 13. Bf4 Bf8 14. Qg5 Be7 15. Qh6 Bf8 16. Qh4 Be7 17. Bg5 b6 18. f4 Bxg5 19. Qxg5 Qe7 20. Qg3 Qd6 21. Qg5 Qe7 22. Qe5 f6 23. Qe1 Bf5 24. Bxf5 gxf5 25. Qh4 0-0-0 26. Rbe1 Qf7 27. Qh3 Qg6 28. Re7 Rd7 29. Rfe1 Rhd8 30. R7e6 Rd6 31. R6e3 h5 32. Rg3 Qh7 33. Qh4 Kc7 34. Rge3 Qg6 35. Rg3 Qh7 36. Rh3 Rh8 37. Re2 Qg6 38. Rg3 Qh7 39. Rge3 Rhd8 40. a4 R8d7 41. Rg3 Rd8 42. Rh3 Rh8 43. Ree3 Rd7 44. Re6 Rd6 45. Re2 Rd7 46. Re6 Rd6 47. Rhe3 Rhd8 48. Rxd6 Kxd6 49. Qe1 Qg7 50. a5 b5 51. c4 Rg8 52. g3 Qf8 53. cxb5 cxb5 54. Qb4+ Kc6 55. Rc3+ Kd7 56. Qxb5+ Ke6 57. Qb7 Qe7 58. Re3+ Kd6 59. Qxe7+ Kc6 60. Qc5+ Kb7 61. Re7+ Ka6 62. Rxa7# 1-0

[Event "Basel op 25th"]
[Site "Basel"]
[Date "2022.10.08"]
[Round "3"]
[White "Chennaoui, Yasin"]
[Black "Savina, Anastasia"]
[Result "1/2-1/2"]
[WhiteElo "2077"]
[BlackElo "2352"]
[PlyCount "68"]
[EventDate "2022.10.07"]
[EventType "swiss"]
[EventRounds "5"]
[EventCountry "SUI"]
[SourceTitle "CBM 210 Extra"]
[Source "ChessBase"]
[SourceDate "2022.11.30"]
[SourceVersion "1"]
[SourceVersionDate "2022.11.30"]
[SourceQuality "1"]

1. Nf3 Nc6 2. e4 e5 3. Nc3 Nf6 4. g3 Bc5 5. Bg2 d6 6. d3 a6 7. 0-0 0-0 8. Be3 Be6 9. d4 exd4 10. Nxd4 Nxd4 11. Bxd4 Bxd4 12. Qxd4 c5 13. Qd2 Qc7 14. Rad1 Rad8 15. Qf4 Qb6 16. b3 Qb4 17. Nb1 d5 18. c3 Qb6 19. exd5 Bxd5 20. Bxd5 Nxd5 21. Qf3 Qf6 22. Kg2 Qxf3+ 23. Kxf3 b5 24. Rfe1 Nc7 25. Rxd8 Rxd8 26. Re7 Nd5 27. Ra7 b4 28. cxb4 Nxb4 29. Nc3 h6 30. Ne4 Nxa2 31. Nxc5 Nb4 32. Nxa6 Nxa6 33. Rxa6 Rd3+ 34. Kg2 Rxb3 1/2-1/2

[Event "Braunschweig"]
[Site "Braunschweig"]
[Date "2022.08.06"]
[Round "8"]
[White "Voege, Tobias"]
[Black "Chennaoui, Yasin"]
[Result "1-0"]
[WhiteElo "2272"]
[BlackElo "2127"]
[PlyCount "69"]
[EventDate "2022.07.30"]
[EventType "tourn"]
[EventRounds "9"]
[EventCountry "GER"]
[EventCategory "3"]
[SourceTitle "CBM 209 Extra"]
[Source "ChessBase"]
[SourceDate "2022.09.30"]
[SourceVersion "1"]
[SourceVersionDate "2022.09.30"]
[SourceQuality "1"]

1. c4 g6 2. Nc3 Bg7 3. Nf3 e5 4. g3 b6 5. Bg2 Bb7 6. 0-0 Nc6 7. Rb1 a5 8. a3 Nge7 9. Ne1 h5 10. Nc2 h4 11. Ne3 hxg3 12. fxg3 f5 13. Ned5 Nxd5 14. cxd5 Ne7 15. d6 Nc6 16. Nb5 cxd6 17. Nxd6+ Ke7 18. Nxb7 Qc7 19. d4 exd4 20. Bg5+ Bf6 21. Bxf6+ Kxf6 22. b4 axb4 23. axb4 Qe5 24. Qd3 Ra2 25. b5 Ne7 26. e4 d5 27. Rbe1 Rb8 28. exf5 Nxf5 29. Rxe5 Kxe5 30. Re1+ Ne3 31. Rxe3+ dxe3 32. Qxe3+ Kf6 33. Qd4+ Ke7 34. Qe5+ Kd7 35. Bh3# 1-0

[Event "Cattolica d'Estate op-A 2nd"]
[Site "Cattolica"]
[Date "2022.06.03"]
[Round "8"]
[White "Chennaoui, Yasin"]
[Black "Ishvi, Aggarwal"]
[Result "1/2-1/2"]
[WhiteElo "2136"]
[BlackElo "1709"]
[PlyCount "113"]
[EventDate "2022.05.30"]
[EventType "swiss"]
[EventRounds "9"]
[EventCountry "ITA"]
[SourceTitle "EXT 2023"]
[Source "ChessBase"]
[SourceDate "2022.10.05"]
[SourceVersion "1"]
[SourceVersionDate "2022.10.05"]
[SourceQuality "1"]

1. Nf3 Nf6 2. c4 e6 3. b3 b6 4. g3 Bb7 5. Bg2 Be7 6. 0-0 0-0 7. Bb2 c5 8. Nc3 d5 9. cxd5 Nxd5 10. Rc1 Bf6 11. Qc2 Nd7 12. Rfd1 Qe7 13. Nxd5 Bxd5 14. d4 Bb7 15. e3 g6 16. dxc5 Bxb2 17. c6 Bxc6 18. Qxb2 Rac8 19. Nd4 Bxg2 20. Kxg2 Ne5 21. Rxc8 Rxc8 22. Rc1 Qb7+ 23. f3 Nc6 24. Nb5 Qd7 25. Nc3 Ne7 26. Ne4 Nd5 27. Qd2 Rxc1 28. Qxc1 Qc7 29. Nf6+ Kh8 30. Qxc7 Nxc7 31. e4 h5 32. e5 Kg7 33. Nd7 g5 34. g4 Kg6 35. Nf6 hxg4 36. fxg4 Nd5 37. Nd7 b5 38. Kf3 a5 39. a4 bxa4 40. bxa4 Nc3 41. Nc5 f6 42. Ke3 Nd5+ 43. Kd4 Nb6 44. exf6 Kxf6 45. Ne4+ Kg6 46. Nc3 Kf6 47. Kc5 Nxa4+ 48. Nxa4 Ke5 49. Kb5 Kf4 50. Kxa5 Kxg4 51. Kb5 Kh3 52. Nc5 Kxh2 53. Ne4 g4 54. Kc5 g3 55. Nxg3 Kxg3 56. Kd6 e5 57. Kxe5 1/2-1/2

[Event "Bassano del Grappa Easter op-A 2nd"]
[Site "Bassano del Grappa"]
[Date "2022.04.18"]
[Round "9"]
[White "Chennaoui, Yasin"]
[Black "Scherler, Julius"]
[Result "1-0"]
[WhiteElo "2065"]
[BlackElo "1968"]
[PlyCount "203"]
[EventDate "2022.04.14"]
[EventType "swiss"]
[EventRounds "9"]
[EventCountry "ITA"]
[SourceTitle "EXT 2024"]
[Source "ChessBase"]
[SourceDate "2023.10.10"]
[SourceVersion "1"]
[SourceVersionDate "2023.10.10"]
[SourceQuality "1"]

1. g3 Nf6 2. Bg2 e5 3. c4 d5 4. cxd5 Nxd5 5. Nc3 Nb6 6. Nf3 Nc6 7. 0-0 Be7 8. d3 0-0 9. Be3 Be6 10. Rc1 Nd5 11. Nxd5 Bxd5 12. a3 Re8 13. b4 a6 14. Qc2 Bf6 15. Nd2 Bxg2 16. Kxg2 Nd4 17. Bxd4 exd4 18. Qxc7 Bg5 19. Qxd8 Raxd8 20. f4 Rxe2+ 21. Rf2 Rxf2+ 22. Kxf2 Be7 23. Rc7 Bf8 24. Rxb7 a5 25. bxa5 Bxa3 26. a6 Bc1 27. a7 Bxd2 28. Rb8 g5 29. Rxd8+ Kg7 30. Rxd4 Ba5 31. Rd6 gxf4 32. gxf4 Bc7 33. Rc6 Bxf4 34. h3 Be5 35. Ke3 Bh2 36. Ke4 Bg1 37. d4 f5+ 38. Kxf5 Bxd4 39. Rc7+ Kh6 40. Rc6+ Kg7 41. a8R h5 42. Ra7+ Bxa7 43. Rc7+ Kh6 44. Rxa7 h4 45. Kg4 Kg6 46. Kxh4 Kh6 47. Kg3 Kg6 48. Ra6+ Kh5 49. Ra8 Kh6 50. Rh8+ Kg7 51. Rh4 Kg6 52. Kf4 Kf6 53. Rh5 Kg6 54. Kg4 Kf6 55. Rh6+ Kg7 56. Kh5 Kf7 57. Rh7+ Kf6 58. Kh6 Kf5 59. Rh8 Kf4 60. Rg8 Kf5 61. Kg7 Kg5 62. Rh8 Kf5 63. Rh5+ Kf4 64. Kf6 Ke4 65. Rg5 Kd4 66. Ke6 Kc4 67. Kd6 Kb4 68. Kc6 Ka4 69. Kb6 Kb4 70. Rg4+ Kc3 71. Kb5 Kd3 72. Kc5 Ke3 73. Kd6 Kd3 74. Ke5 Kc3 75. Kd5 Kb3 76. Kc5 Ka3 77. Kb5 Kb3 78. Rg3+ Kc2 79. Kc4 Kd2 80. Kd4 Ke2 81. Ke4 Kf2 82. Rg4 Ke2 83. Rg2+ Kf1 84. Kf3 Ke1 85. Rh2 Kd1 86. Ke3 Kc1 87. Kd3 Kb1 88. Kc3 Ka1 89. Rh1+ Ka2 90. Kc4 Kb2 91. Rh2+ Kc1 92. Kd3 Kb1 93. Kc3 Ka1 94. Rc2 Kb1 95. Kb3 Ka1 96. h4 Kb1 97. h5 Ka1 98. h6 Kb1 99. h7 Ka1 100. h8Q+ Kb1 101. Qa1+ Kxa1 102. Rc1# 1-0

[Event "Bassano del Grappa Easter op-A 2nd"]
[Site "Bassano del Grappa"]
[Date "2022.04.17"]
[Round "7"]
[White "Hommer, Jeremy"]
[Black "Chennaoui, Yasin"]
[Result "1/2-1/2"]
[WhiteElo "2226"]
[BlackElo "2065"]
[PlyCount "50"]
[EventDate "2022.04.14"]
[EventType "swiss"]
[EventRounds "9"]
[EventCountry "ITA"]
[SourceTitle "EXT 2024"]
[Source "ChessBase"]
[SourceDate "2023.10.10"]
[SourceVersion "1"]
[SourceVersionDate "2023.10.10"]
[SourceQuality "1"]

1. e4 e5 2. Nf3 Nf6 3. Nxe5 d6 4. Nf3 Nxe4 5. Nc3 Nxc3 6. dxc3 Be7 7. Be3 Nc6 8. Qd2 Be6 9. 0-0-0 Qd7 10. Kb1 Bf6 11. h3 Ne5 12. Nxe5 dxe5 13. Qxd7+ Bxd7 14. Bc4 Bc6 15. Bd5 Bxd5 16. Rxd5 Rd8 17. c4 b6 18. Rhd1 Ke7 19. g4 c6 20. R5d3 e4 21. Rxd8 Rxd8 22. Re1 Bd4 23. c3 Bxe3 24. Rxe3 Rd6 25. Rxe4+ Re6 1/2-1/2

[Event "Bassano del Grappa Easter op-A 2nd"]
[Site "Bassano del Grappa"]
[Date "2022.04.14"]
[Round "2"]
[White "Chennaoui, Yasin"]
[Black "Budyi, Danylo"]
[Result "1-0"]
[WhiteElo "2065"]
[BlackElo "1817"]
[PlyCount "59"]
[EventDate "2022.04.14"]
[EventType "swiss"]
[EventRounds "9"]
[EventCountry "ITA"]
[SourceTitle "EXT 2024"]
[Source "ChessBase"]
[SourceDate "2023.10.10"]
[SourceVersion "1"]
[SourceVersionDate "2023.10.10"]
[SourceQuality "1"]

1. d4 d5 2. c4 e6 3. Nf3 Nf6 4. e3 c6 5. b3 dxc4 6. bxc4 b6 7. Nbd2 Bb7 8. e4 Bb4 9. Qc2 c5 10. d5 exd5 11. cxd5 Qe7 12. Bb5+ Nbd7 13. 0-0 a6 14. Bd3 Rc8 15. a3 Bxd2 16. Qxd2 Ng4 17. Bb2 Nge5 18. Nxe5 Nxe5 19. Be2 0-0 20. f4 Ng6 21. d6 Qd7 22. f5 Ne7 23. Qc3 f6 24. dxe7 Qxe7 25. Bc4+ Kh8 26. Rae1 b5 27. Be6 Rcd8 28. Rf4 Qc7 29. Rh4 c4 30. Rxh7+ 1-0

[Event "EU-ch 22nd"]
[Site "Terme Catez"]
[Date "2022.04.02"]
[Round "7"]
[White "Chennaoui, Yasin"]
[Black "Royal, Shreyas"]
[Result "0-1"]
[WhiteElo "2015"]
[BlackElo "2296"]
[PlyCount "142"]
[EventDate "2022.03.27"]
[EventType "swiss"]
[EventRounds "11"]
[EventCountry "SLO"]
[SourceTitle "CBM 208"]
[Source "ChessBase"]
[SourceDate "2022.06.30"]
[SourceVersion "1"]
[SourceVersionDate "2022.06.30"]
[SourceQuality "1"]

1. Nf3 Nf6 2. c4 e6 3. e3 d5 4. d4 Be7 5. b3 0-0 6. Bd3 c5 7. 0-0 cxd4 8. exd4 b6 9. Bb2 Bb7 10. Qe2 Nc6 11. Nbd2 Rc8 12. Rac1 Re8 13. Rfd1 Bf8 14. Nf1 g6 15. Ne3 Bg7 16. Bb1 Na5 17. c5 Nd7 18. b4 Nc4 19. Nxc4 dxc4 20. Ne5 b5 21. a4 a6 22. Be4 Bxe4 23. Qxe4 Qc7 24. axb5 axb5 25. Nxd7 Qxd7 26. Ra1 Red8 27. Ra5 Qd5 28. Qxd5 Rxd5 29. f4 Rb8 30. Kf2 g5 31. fxg5 e5 32. c6 exd4 33. Rda1 Be5 34. Ra8 c3 35. Rxb8+ Bxb8 36. Ra8 Rd8 37. Bc1 Bg3+ 38. hxg3 Rxa8 39. Ke2 Rc8 40. Kd3 Rxc6 41. Kxd4 Rc4+ 42. Kd3 Rxb4 43. Kxc3 Rc4+ 44. Kd2 Rxc1 45. Kxc1 Kg7 46. Kc2 Kg6 47. Kc3 Kxg5 48. Kb4 Kg4 49. Kxb5 Kxg3 50. Kc6 Kxg2 51. Kd6 h5 52. Ke7 h4 53. Kxf7 h3 54. Ke6 h2 55. Ke5 h1Q 56. Kd5 Qh4 57. Ke5 Qg4 58. Kd5 Qf4 59. Kc5 Qe4 60. Kd6 Qf5 61. Kc6 Qe5 62. Kd7 Qf6 63. Kc7 Qe6 64. Kb7 Qd6 65. Ka7 Qc6 66. Kb8 Qd7 67. Ka8 Kf3 68. Kb8 Ke4 69. Ka8 Kd5 70. Kb8 Kc6 71. Ka8 Qb7# 0-1

[Event "EU-ch 22nd"]
[Site "Terme Catez"]
[Date "2022.04.01"]
[Round "6"]
[White "Dobrovoljc, Vid"]
[Black "Chennaoui, Yasin"]
[Result "1-0"]
[WhiteElo "2406"]
[BlackElo "2015"]
[PlyCount "189"]
[EventDate "2022.03.27"]
[EventType "swiss"]
[EventRounds "11"]
[EventCountry "SLO"]
[SourceTitle "CBM 208"]
[Source "ChessBase"]
[SourceDate "2022.06.30"]
[SourceVersion "1"]
[SourceVersionDate "2022.06.30"]
[SourceQuality "1"]

1. e4 d6 2. d4 Nf6 3. Nc3 e5 4. Nf3 Nbd7 5. Rg1 Be7 6. g4 h6 7. Be3 c6 8. a3 b5 9. h4 h5 10. gxh5 Nxh5 11. d5 Bb7 12. dxc6 Bxc6 13. Bxb5 Bxb5 14. Nxb5 Qb8 15. Qd5 0-0 16. 0-0-0 Ndf6 17. Qc4 Rc8 18. Qb4 Nxe4 19. Ng5 Bxg5 20. hxg5 a5 21. Qxe4 Qxb5 22. Qd5 Qxd5 23. Rxd5 Ra6 24. Rgd1 Rcc6 25. b4 axb4 26. axb4 Ra2 27. R1d2 Rc4 28. b5 Nf4 29. Rxd6 Rb4 30. Ra6 Rab2 31. Rd8+ Kh7 32. b6 Ne2+ 33. Kd2 Nd4 34. Bxd4 exd4 35. Kd3 Rxb6 36. Rxb6 Rxb6 37. Rxd4 Kg6 38. Rd5 Rb2 39. Kc3 Rb1 40. Kd3 Rd1+ 41. Ke4 Re1+ 42. Kf3 Rc1 43. Rc5 f6 44. Kf4 Rf1 45. f3 Rc1 46. c4 Rc2 47. gxf6 gxf6 48. Ke3 Rc1 49. Ke4 Re1+ 50. Kf4 Rc1 51. Rc8 Rc3 52. Ke4 Rc1 53. c5 Re1+ 54. Kd5 Kf5 55. Ra8 Rd1+ 56. Kc4 Rc1+ 57. Kb5 Rb1+ 58. Ka6 Kf4 59. Rf8 f5 60. c6 Ra1+ 61. Kb5 Rb1+ 62. Kc5 Rc1+ 63. Kd6 Rd1+ 64. Ke6 Re1+ 65. Kd7 Rd1+ 66. Ke6 Re1+ 67. Kd6 Rd1+ 68. Ke7 Re1+ 69. Kd7 Rd1+ 70. Kc8 Rd3 71. c7 Rxf3 72. Kd7 Rc3 73. c8Q Rxc8 74. Rxc8 Ke3 75. Re8+ Kf3 76. Ke6 f4 77. Kf5 Kg3 78. Rg8+ Kf3 79. Rg4 Ke3 80. Rxf4 Kd3 81. Ke5 Ke3 82. Rh4 Kd3 83. Rh3+ Kc4 84. Rg3 Kc5 85. Rc3+ Kb4 86. Kd4 Kb5 87. Kd5 Kb4 88. Rh3 Kb5 89. Rb3+ Ka4 90. Kc4 Ka5 91. Rb1 Ka6 92. Kc5 Ka7 93. Kc6 Ka8 94. Kc7 Ka7 95. Ra1# 1-0

[Event "Cattolica Primavera op"]
[Site "Cattolica"]
[Date "2022.03.19"]
[Round "7"]
[White "Chennaoui, Yasin"]
[Black "Dimitrov, Radoslav"]
[Result "0-1"]
[WhiteElo "2015"]
[BlackElo "2478"]
[PlyCount "130"]
[EventDate "2022.03.16"]
[EventType "swiss"]
[EventRounds "9"]
[EventCountry "ITA"]
[SourceTitle "CBM 207 Extra"]
[Source "ChessBase"]
[SourceDate "2022.05.31"]
[SourceVersion "1"]
[SourceVersionDate "2022.05.31"]
[SourceQuality "1"]

1. c4 b6 2. Nc3 c5 3. e4 Bb7 4. g3 Nc6 5. Bg2 g6 6. Nge2 Bg7 7. 0-0 Nh6 8. d3 0-0 9. h3 f5 10. Be3 Qc8 11. Qd2 Nf7 12. f4 Nd4 13. Nd5 Re8 14. e5 Nxe2+ 15. Qxe2 e6 16. Nc3 d6 17. exd6 Nxd6 18. Bxb7 Qxb7 19. Qf3 Qxf3 20. Rxf3 Rad8 21. Re1 Rd7 22. Bf2 Nb7 23. Kf1 Kf7 24. Ke2 Na5 25. a3 Red8 26. g4 Nb3 27. Rf1 Bf6 28. g5 Bg7 29. h4 h6 30. Rh1 Rh8 31. Rfh3 hxg5 32. hxg5 Nc1+ 33. Kd2 Nxd3 34. Rxh8 Nxf2+ 35. Ke3 Nxh1 36. Rxh1 Kg8 37. Rc1 Bd4+ 38. Kf3 Rh7 39. Nb5 Rh3+ 40. Kg2 Rb3 41. Nxd4 cxd4 42. Rc2 Kf7 43. Rd2 e5 44. fxe5 Ke6 45. Rxd4 Kxe5 46. Rd7 Kf4 47. Rxa7 Rxb2+ 48. Kf1 Kxg5 49. Rb7 Rc2 50. Rxb6 Rxc4 51. Ra6 f4 52. a4 Kf5 53. a5 Ra4 54. Ra8 Kg4 55. a6 Kf3 56. Ke1 Kg2 57. a7 f3 58. Rg8 f2+ 59. Kd2 f1Q 60. a8Q+ Rxa8 61. Rxa8 Qf4+ 62. Kc3 Qf3+ 63. Kd4 Qxa8 64. Ke5 Kf3 65. Kd4 Kf4 0-1